Moral profesional del militar (Record no. 144342)

MARC details
000 -LEADER
campo de control de longitud fija 00927nam a2200193 4500
001 - NÚMERO DE CONTROL
campo de control 144342
003 - IDENTIFICADOR DE NÚMERO DE CONTROL
campo de control ES-MaACL
005 - FECHA Y HORA DE LA ÚLTIMA TRANSACCIÓN
campo de control 20230906201010.0
007 - CAMPO FIJO DE DESCRIPCIÓN FÍSICA--INFORMACIÓN GENERAL
campo de control de longitud fija t|
008 - DATOS DE LONGITUD FIJA--INFORMACIÓN GENERAL
campo de control de longitud fija 070214s1952 sp r ||||1| spa d
100 1# - ENTRADA PRINCIPAL--NOMBRE DE PERSONA
Nombre de persona Sintes Obrador, Francisco.
9 (RLIN) 106652
245 10 - MENCIÓN DEL TÍTULO
Título Moral profesional del militar
Resto del título : conferencia pronunciada en el Consejo Superior de Investigaciones Científicas, de Madrid, el día 17 de noviembre de 1952, Curso de Moral Profesional, organizado por la Sección de Etica del Instituto `Luis Vives` de Filosofía del Consejo Superior de Investigaciones Científicas /
Mención de responsabilidad, etc. Francisco Sintes y Obrador.
260 ## - PUBLICACIÓN, DISTRIBUCIÓN, ETC.
Lugar de publicación, distribución, etc. Madrid :
Nombre del editor, distribuidor, etc. [s. n.],
Fecha de publicación, distribución, etc. 1952 (
Lugar de fabricación/manufactura Valencia :
Fabricante Tip. Moderna)
300 ## - DESCRIPCIÓN FÍSICA
Extensión 28 p., 1 lám. ;
Dimensiones 25 cm.
710 2# - ENTRADA AGREGADA--NOMBRE DE ENTIDAD CORPORATIVA
Nombre de entidad corporativa o nombre de jurisdicción como elemento de entrada Instituto de Filosofía "Luis Vives"
9 (RLIN) 169712
711 1# - ENTRADA AGREGADA--NOMBRE DE REUNIÓN
Nombre de congreso/reunión o jurisdicción como elemento de entrada Curso de Moral Profesional (
Sede del congreso/Lugar de la reunión Madrid (
Fecha del congreso o de la firma del tratado 1952)
9 (RLIN) 221002
852 ## - LOCALIZACIÓN
Ubicación ES-MaACL
Número de control de estantería 1962-F-10
Sublocalización o colección R.36371
Holdings
Estatus retirado Estado de pérdida Estado de daño No para préstamo Colección Biblioteca de origen Biblioteca actual Ubicación en estantería Fecha de adquisición Fuente de adquisición Total de préstamos Signatura topográfica completa Código de barras Visto por última vez Precio de reemplazo Tipo de ítem Koha
        Colección de folletos Biblioteca del Ateneo de Madrid Biblioteca del Ateneo de Madrid Depósito folletos 17/01/2008     1962-F-10 1150176 23/02/2023 23/02/2023 Folleto